[Event "Eindhoven WLC op 13th"]
[Site "Eindhoven"]
[Date "2023.05.06"]
[Round "4"]
[White "Verboven, Wout"]
[Black "Jansen, Bob"]
[Result "1/2-1/2"]
[WhiteElo "2035"]
[BlackElo "2229"]
[PlyCount "37"]
[EventDate "2023.05.05"]
[EventType "swiss"]
[EventRounds "6"]
[EventCountry "NED"]
[SourceTitle "CBM 214 Extra"]
[Source "ChessBase"]
[SourceDate "2023.07.31"]
[SourceVersion "1"]
[SourceVersionDate "2023.07.31"]
[SourceQuality "1"]

1. Nf3 e6 2. g3 f5 3. Bg2 Nf6 4. 0-0 Be7 5. c4 0-0 6. d4 d6 7. b3 a5 8. Bb2 Qe8 9. Nc3 c6 10. Qc2 d5 11. Ne5 Nbd7 12. Nd3 g5 13. f3 Qg6 14. e4 dxe4 15. fxe4 fxe4 16. Nf2 e5 17. Ncxe4 exd4 18. Bxd4 Bd8 19. Rad1 1/2-1/2

[Event "EU-ch Online U14"]
[Site "Tornelo INT"]
[Date "2020.09.20"]
[Round "8"]
[White "Olenik Campa, Rudi"]
[Black "Verboven, Wout"]
[Result "1/2-1/2"]
[WhiteElo "1745"]
[BlackElo "1584"]
[PlyCount "112"]
[EventDate "2020.09.18"]
[EventType "swiss (rapid)"]
[EventRounds "9"]
[EventCountry "NET"]
[SourceTitle "EXT 2023"]
[Source "ChessBase"]
[SourceDate "2022.10.05"]
[SourceVersion "1"]
[SourceVersionDate "2022.10.05"]
[SourceQuality "1"]
[WhiteTeam "Slovenia"]
[BlackTeam "Belgien"]
[WhiteTeamCountry "SLO"]
[BlackTeamCountry "BEL"]

1. e4 c5 2. Nf3 e6 3. c4 Nc6 4. d4 cxd4 5. Nxd4 a6 6. Nc3 Qc7 7. Be3 Nf6 8. Nxc6 bxc6 9. Bd3 Rb8 10. Qe2 Bb4 11. 0-0 Bb7 12. h3 a5 13. Bd2 d5 14. cxd5 cxd5 15. Nb5 Qb6 16. e5 Nd7 17. Bxb4 axb4 18. Nd6+ Ke7 19. Rac1 Rhd8 20. Nxb7 Rxb7 21. b3 Rc7 22. Rxc7 Qxc7 23. f4 Rc8 24. Qg4 g6 25. Qh4+ Ke8 26. Qxh7 Qc3 27. Bb1 Qe3+ 28. Kh2 Rc1 29. Qh8+ Nf8 30. Bd3 Rc5 31. Rf3 Qe1 32. h4 Qa1 33. h5 gxh5 34. Qxh5 Qe1 35. Qh8 d4 36. Rg3 Qf2 37. Rg8 Qxf4+ 38. Kh3 Qe3+ 39. g3 Qxd3 40. Rxf8+ Ke7 41. Re8+ Kd7 42. Rd8+ Kc6 43. Rd6+ Kb7 44. Rd7+ Rc7 45. Rxc7+ Kxc7 46. Qa8 Qf1+ 47. Kh2 Qf2+ 48. Kh3 Qf5+ 49. Kh4 Qh7+ 50. Kg4 Qg6+ 51. Kh4 Qh7+ 52. Kg4 Qg6+ 53. Kh4 Qh6+ 54. Kg4 Qg6+ 55. Kh4 Qh6+ 56. Kg4 Qg6+ 1/2-1/2